000
00297nam a22001217a 4500
999
_c
155263
_d
155263
082
_a
_b
100
_a
Javaharakkurupp P
245
_a
G Sankara Kurup, Edassery Govindan Nair, P Kunjiraman Nair/
_c
by Javaharakkurupp P.
260
_a
_b
_c
2008.
300
_a
92p.
650
_a
942
_c
BK